<?xml version="1.0" encoding="UTF-8"?>
<record
    xmlns:xsi="http://www.w3.org/2001/XMLSchema-instance"
    xsi:schemaLocation="http://www.loc.gov/MARC21/slim http://www.loc.gov/standards/marcxml/schema/MARC21slim.xsd"
    xmlns="http://www.loc.gov/MARC21/slim">

  <leader>00659nam a22001457a 4500</leader>
  <controlfield tag="008">110927s1959    ua|||||r|||| 00| 0 ara d</controlfield>
  <datafield tag="082" ind1=" " ind2=" ">
    <subfield code="2">22</subfield>
    <subfield code="a">629.434</subfield>
    <subfield code="b">&#x643; &#x627; &#x645;</subfield>
  </datafield>
  <datafield tag="245" ind1=" " ind2=" ">
    <subfield code="a">&#x627;&#x644;&#x623;&#x642;&#x645;&#x627;&#x631; &#x627;&#x644;&#x635;&#x646;&#x627;&#x639;&#x64A;&#x629; &#x648;&#x628;&#x639;&#x636; &#x645;&#x627;&#x64A;&#x641;&#x64A;&#x62F; &#x645;&#x646;&#x647;&#x627; &#x627;&#x644;&#x639;&#x644;&#x645; /</subfield>
    <subfield code="c">&#x645;&#x635;&#x637;&#x641;&#x649; &#x643;&#x627;&#x645;&#x644;</subfield>
  </datafield>
  <datafield tag="260" ind1=" " ind2=" ">
    <subfield code="a">&#x627;&#x644;&#x627;&#x633;&#x643;&#x646;&#x62F;&#x631;&#x64A;&#x629; :</subfield>
    <subfield code="b">&#x62C;&#x627;&#x645;&#x639;&#x629; &#x627;&#x644;&#x627;&#x633;&#x643;&#x646;&#x62F;&#x631;&#x64A;&#x629;&#x60C; 1959</subfield>
    <subfield code="c">1959</subfield>
  </datafield>
  <datafield tag="300" ind1=" " ind2=" ">
    <subfield code="a">13 &#x635; :</subfield>
    <subfield code="b">&#x635;&#x648;&#x631; :</subfield>
    <subfield code="c">24 &#x633;&#x645;</subfield>
  </datafield>
  <datafield tag="650" ind1=" " ind2=" ">
    <subfield code="9">27379</subfield>
    <subfield code="a">&#x627;&#x644;&#x623;&#x642;&#x645;&#x627;&#x631; &#x627;&#x644;&#x635;&#x646;&#x627;&#x639;&#x64A;&#x629;</subfield>
  </datafield>
  <datafield tag="653" ind1=" " ind2=" ">
    <subfield code="b">General</subfield>
    <subfield code="c">September2011</subfield>
  </datafield>
  <datafield tag="942" ind1=" " ind2=" ">
    <subfield code="2">ddc</subfield>
    <subfield code="c">BB</subfield>
  </datafield>
  <datafield tag="999" ind1=" " ind2=" ">
    <subfield code="c">16092</subfield>
    <subfield code="d">16092</subfield>
  </datafield>
  <datafield tag="952" ind1=" " ind2=" ">
    <subfield code="0">0</subfield>
    <subfield code="1">0</subfield>
    <subfield code="2">ddc</subfield>
    <subfield code="4">0</subfield>
    <subfield code="7">0</subfield>
    <subfield code="8">alxlib</subfield>
    <subfield code="a">MAIN</subfield>
    <subfield code="b">MAIN</subfield>
    <subfield code="c">1ST</subfield>
    <subfield code="d">2011-09-27</subfield>
    <subfield code="e">Donation</subfield>
    <subfield code="o">629.434 &#x643; &#x627; &#x645;</subfield>
    <subfield code="p">000024939</subfield>
    <subfield code="r">2025-07-15 00:00:00</subfield>
    <subfield code="s">2017-01-03</subfield>
    <subfield code="y">BB</subfield>
  </datafield>
</record>
